Подробности
| 000 -МАРКЕР |
| контрольное поле |
01771nam2a22002651 4500 |
| 001 - ИДЕНТИФИКАТОР ЗАПИСИ |
| контрольное поле |
rc\374990 |
| 005 - ИДЕНТИФИКАТОР ВЕРСИИ |
| контрольное поле |
20250621064844.0 |
| 035 ## - ДРУГИЕ СИСТЕМНЫЕ НОМЕРА |
| Идентификатор записи |
(NLR Aleph) 005635182 |
| 100 ## - ДАННЫЕ ОБЩЕЙ ОБРАБОТКИ |
| Данные общей обработки |
20030307d1989 |||y0rusy50 ca |
| 101 0# - ЯЗЫК РЕСУРСА |
| Язык текста, звукозаписи и т.д. |
русский |
| 102 ## - СТРАНА ПУБЛИКАЦИИ ИЛИ ПРОИЗВОДСТВА |
| Страна публикации |
Российская Федерация |
| 105 ## - ПОЛЕ КОДИРОВАННЫХ ДАННЫХ: ТЕКСТОВЫЕ МАТЕРИАЛЫ, МОНОГРАФИЧЕСКИЕ |
| Кодированные данные о монографическом текстовом документе |
y ||||||||| |
| 200 1# - ЗАГЛАВИЕ И СВЕДЕНИЯ ОБ ОТВЕТСТВЕННОСТИ |
| Основное заглавие |
Киевская область |
| Первые сведения об ответственности |
[Сост. В.П. Цапенко и др. |
| Последующие сведения об ответственности |
Ред. К.Г. Дубяга] |
| 210 ## - ПУБЛИКАЦИЯ, РАСПРОСТРАНЕНИЕ И ДР. |
| Дата издания, распространения и т.д. |
1989 |
| Место издания, распространения и т.д. |
Б. м. |
| 215 ## - ФИЗИЧЕСКАЯ ХАРАКТЕРИСТИКА |
| Специфическое обозначение материала и объем |
597 с. |
| 320 ## - ПРИМЕЧАНИЯ О НАЛИЧИИ В ДОКУМЕНТЕ БИБЛИОГРАФИИ / УКАЗАТЕЛЯ |
| Текст примечания |
Библиогр.: с. 520-535 |
| 333 ## - ПРИМЕЧАНИЯ ОБ ОСОБЕННОСТЯХ РАСПРОСТРАНЕНИЯ И ИСПОЛЬЗОВАНИЯ |
| Текст примечания |
ДСП. Экз. № 00003 |
| 421 #0 - ПРИЛОЖЕНИЕ |
| Встроенное поле |
2001#$aГрафические приложения |
| -- |
010$9400 |
| -- |
210##$d1989 |
| -- |
215##$a4 отд. л. карт. и табл. в футляре |
| -- |
300##$aДСП. Экз. № 00003 |
| Заглавие |
Графические приложения |
| 461 #0 - УРОВЕНЬ НАБОРА |
| Встроенное поле |
001rc\374989 |
| -- |
2001#$aМинерально-сырьевая база строительных материалов Украинской ССР$e[Справочник]$fМ-во геологии СССР, Укр. гл. координац.-геол. упр. "Укргеология", Центр. темат. экспедиция$v[1] |
| Системный номер (АБИС) связанной записи |
6610587 |
| Место публикации |
Киев |
| Дата публикации |
1989- |
| Издание |
3-е изд., полностью перераб. и доп. |
| Первые сведения об ответственности |
М-во геологии СССР, Укр. гл. координац.-геол. упр. "Укргеология", Центр. темат. экспедиция |
| Имя издателя, распространителя и т.д. |
М-во геологии СССР. Центр. темат. экспедиция. Геол. картогр. партия |
| Сведения, относящиеся к заглавию |
[Справочник] |
| Заглавие |
Минерально-сырьевая база строительных материалов Украинской ССР |
| Номер тома |
[1] |
| 801 #0 - ИСТОЧНИК ЗАПИСИ |
| Страна |
Российская Федерация |
| Организация |
NLR |
| Правила каталогизации |
psbo |
| 801 #1 - ИСТОЧНИК ЗАПИСИ |
| Страна |
Российская Федерация |
| Организация |
ELAR |
| Источник данных |
rusmarc |
| 852 ## - МЕСТОНАХОЖДЕНИЕ И ШИФР ХРАНЕНИЯ |
| Идентификатор организации |
NLR |
| Шифр хранения (Call Number) |
90-50К/3335 |
| 942 ## - ДОПОЛНИТЕЛЬНЫЕ ЭЛЕМЕНТЫ ЗАПИСИ (АБИС) |
| Тип экземпляра АБИС |
Книга |
| 980 ## - КОЛЛЕКЦИЯ |
| Название коллекции |
Национальная библиография |